Elektronický systém zatáčania malého bezobslužného vozidla

Enregistré dans:
Détails bibliographiques
Auteur principal: Martinkovič, Anton (Auteur)
Autres auteurs: Bugár, Martin (Directeur de thèse)
Format: Manuscrit Livre
Langue:slovaque
Publié: 2015
Sujets:
Accès en ligne:http://is.stuba.sk/zp/portal_zp.pl?podrobnosti=111792
Tags: Ajouter un tag
Pas de tags, Soyez le premier à ajouter un tag!

MARC

LEADER 00000ntm a22000003a 4500
001 stuzp50018
003 SK-STU
005 20160719153433.4
007 ta
008 150427s2015----xo-----f-mn---000-0-slo-d
040 |a STU  |b slo 
041 0 |a slo 
100 1 |a Martinkovič, Anton  |u 030400  |4 aut  |U FEI Fakulta elektrotechniky a informatiky  |T FEI Ústav automobilovej mechatroniky  |X 65369  |U E400  |Y 642  |7 65369 
242 0 1 |a Electronic steering system for small UGV  |y eng 
245 1 0 |a Elektronický systém zatáčania malého bezobslužného vozidla 
260 |c 2015 
650 4 |a UGV  |2 slo 
650 4 |a kinematika  |2 slo 
650 4 |a riadenie  |2 slo 
650 4 |a UGV  |2 eng 
650 4 |a kinematics  |2 eng 
650 4 |a control  |2 eng 
700 1 |a Bugár, Martin  |4 ths  |X 14157  |7 A000014157 
856 4 |u http://is.stuba.sk/zp/portal_zp.pl?podrobnosti=111792 
996 |b 284EP11297  |c E*DIPL- 11297  |l EE30  |s P  |a 0  |w stuzp50018_0001 
SQL |a stuzp50018  |b DDP  |c SLO  |d Elektronický systém zatáčania malého bezobslužného vozidla  |e 65369  |f Martinkovič, Anton  |g 030400  |h 14157  |i Bugár, Martin  |j 20150617  |k 865  |l 03  |m http://is.stuba.sk/zp/portal_zp.pl?podrobnosti=111792  |n I-APM  |o 5.2.16. mechatronika